Những giấc mộng đời người

Gorde:
Xehetasun bibliografikoak
Egile nagusia: Đinh, Hoàng Anh
Formatua: Liburua
Hizkuntza:Undetermined
Argitaratua: Hà Nội Văn Học 2009
Gaiak:
Etiketak: Etiketa erantsi
Etiketarik gabe, Izan zaitez lehena erregistro honi etiketa jartzen!
Thư viện lưu trữ: Trung tâm Học liệu Trường Đại học Cần Thơ
LEADER 00652nam a2200217Ia 4500
001 CTU_147844
008 210402s9999 xx 000 0 und d
020 |c 48000 
082 |a 895.922301 
082 |b A107 
100 |a Đinh, Hoàng Anh 
245 0 |a Những giấc mộng đời người 
245 0 |c Đinh Hoàng Anh 
260 |a Hà Nội 
260 |b Văn Học 
260 |c 2009 
650 |a Short stories, vietnamese,Truyện ngắn Việt Nam 
650 |x Collection,Tuyển tập 
650 |y 21 century,Thế kỷ 21 
904 |i Qhieu 
980 |a Trung tâm Học liệu Trường Đại học Cần Thơ